书目信息 |
| 题名: |
铁磁学 (上)
|
|
| 作者: | 戴道生 , 钱昆明 著 | |
| 分册: | ||
| 出版信息: | 北京 科学出版社 1987.06 |
|
| 页数: | 395页 | |
| 开本: | 32开 | |
| 丛书名: | ||
| 单 册: | ||
| 中图分类: | O469 | |
| 科图分类: | ||
| 主题词: | 真空电子学 , 电子物理学 | |
| 电子资源: | ||
| ISBN: | 7-03-002847-3 | |
| 000 | 00602nam0 2200217 45 | |
| 001 | 0012101593 | |
| 005 | 20001210151635.9 | |
| 010 | @a7-03-002847-3@d26.00元 | |
| 100 | @a20001210d1987 km y0chiy0120 ea | |
| 101 | 0 | @achi |
| 105 | @a z 000yy | |
| 200 | 1 | @a铁磁学 (上)@ATie Ci Xue (Shang)@f戴道生,钱昆明著@FDai Dao Sheng,Qian Kun Ming Zhu |
| 210 | @a北京@c科学出版社@d1987.06 | |
| 215 | @a395页@d32开 | |
| 606 | 0 | @a真空电子学 |
| 606 | 0 | @a电子物理学 |
| 690 | @aO469@v3 | |
| 701 | 0 | @a戴道生@4著 |
| 701 | 0 | @a钱昆明@4著 |
| 801 | @aCN@bPftUser@c20001210 | |
| 905 | @b303212-216@dO469@eD780:1@f5 | |
| 铁磁学 (上)/戴道生,钱昆明著.-北京:科学出版社,1987.06 |
| 395页;32开 |
| ISBN 7-03-002847-3:26.00元 |
| ● |
| 相关链接 |
|
|
|
正题名:铁磁学(上)
索取号:O469/D780:1
 
预约/预借
| 序号 | 登录号 | 条形码 | 馆藏地/架位号 | 状态 | 备注 |
| 1 | 303212 | 203032128 | 自科库401/401自科库 59排1列2层/ [索取号:O469/D780:1] | 在馆 | |
| 2 | 303213 | 203032137 | 自科库401/401自科库 59排1列2层/ [索取号:O469/D780:1] | 在馆 | |
| 3 | 303214 | 203032146 | 自科库401/401自科库 59排1列2层/ [索取号:O469/D780:1] | 在馆 | |
| 4 | 303215 | 203032155 | 自科库401/401自科库 59排1列2层/ [索取号:O469/D780:1] | 在馆 | |
| 5 | 303216 | 203032164 | 自科库401/401自科库 59排1列2层/ [索取号:O469/D780:1] | 在馆 |